[Event "Quebec op"]
[Site "Laval CAN"]
[Date "2022.09.04"]
[Round "5.6"]
[White "Latreille, Etienne"]
[Black "Zhong, Kevin"]
[Result "1-0"]
[WhiteElo "1680"]
[BlackElo "2143"]
[PlyCount "75"]
[EventDate "2022.09.01"]
[EventType "swiss"]
[EventRounds "9"]
[EventCountry "CAN"]

1. e4 c5 2. Nf3 Nc6 3. Bb5 e6 4. O-O Nge7 5. d4 cxd4 6. Nxd4 Qb6 7. Nxc6 bxc6
8. Bd3 Ng6 9. c4 Bc5 10. Nc3 Qc7 11. Kh1 e5 12. Rb1 a5 13. Na4 Bd4 14. c5 Rb8
15. Be3 d6 16. Bxd4 exd4 17. a3 O-O 18. Qd2 Be6 19. b4 axb4 20. axb4 Rbd8 21.
f4 f5 22. cxd6 Qxd6 23. Nc5 fxe4 24. Bxe4 Bc8 25. g3 Ne7 26. Rb3 Nf5 27. Rd3
Ne3 28. Rc1 Bf5 29. Bxf5 Nxf5 30. Kg1 Rde8 31. Ra1 Qh6 32. Re1 Qh5 33. Ne6 Rf6
34. Nxd4 Rxe1+ 35. Qxe1 Rh6 36. h4 Rd6 37. Nxf5 Rxd3 38. Qe6+ 1-0

[Event "Quebec op"]
[Site "Laval CAN"]
[Date "2022.09.04"]
[Round "5.7"]
[White "Wolchock, Theo"]
[Black "Kapush, Oleksandr"]
[Result "0-1"]
[WhiteElo "2105"]
[BlackElo "1731"]
[PlyCount "120"]
[EventDate "2022.09.01"]
[EventType "swiss"]
[EventRounds "9"]
[EventCountry "CAN"]

1. e4 c5 2. Nf3 d6 3. d4 cxd4 4. Qxd4 a6 5. c4 Nc6 6. Qe3 g6 7. Nc3 Bh6 8. Qd3
Bg7 9. Be2 Nf6 10. O-O Bg4 11. h3 Bxf3 12. Qxf3 Nd4 13. Qd3 Nd7 14. f4 Nc5 15.
Qd1 Nxe2+ 16. Qxe2 Bxc3 17. bxc3 Qa5 18. e5 O-O-O 19. exd6 exd6 20. f5 Rhe8 21.
Qf3 Ne4 22. fxg6 fxg6 23. Rb1 Re7 24. Be3 Rde8 25. Ba7 h5 26. c5 dxc5 27. Rb6
Qxc3 28. Qxc3 Nxc3 29. Rxg6 Ne4 30. Rc1 Re5 31. Rg7 b5 32. Bb6 R8e6 33. Bc7 Rd5
34. Bf4 Rd7 35. Rg8+ Kb7 36. Rb8+ Kc6 37. Rc8+ Kb6 38. Rh8 Rd5 39. g4 hxg4 40.
hxg4 Rg6 41. Kg2 Rd3 42. Rh6 Rxh6 43. Bxh6 Rg3+ 44. Kf1 Rxg4 45. Ke2 Rg3 46.
Be3 Kc6 47. Rh1 Rg6 48. Kd3 Ng3 49. Rh8 Rd6+ 50. Kc2 Nf5 51. Bf2 Nd4+ 52. Kb2
Kd5 53. Rh3 Rf6 54. Be3 Ke4 55. Rh6 Rxh6 56. Bxh6 Kd3 57. Bf8 c4 58. Bb4 Nc6
59. Be1 b4 60. a3 c3+ 0-1

[Event "Quebec op"]
[Site "Laval CAN"]
[Date "2022.09.04"]
[Round "5.8"]
[White "Chipanga, Takaedza"]
[Black "Chen, Max"]
[Result "0-1"]
[WhiteElo "2012"]
[BlackElo "2104"]
[PlyCount "122"]
[EventDate "2022.09.01"]
[EventType "swiss"]
[EventRounds "9"]
[EventCountry "CAN"]

1. d4 Nf6 2. c4 g6 3. Nc3 d5 4. cxd5 Nxd5 5. e4 Nxc3 6. bxc3 Bg7 7. Nf3 c5 8.
Rb1 O-O 9. Be2 b6 10. O-O Qc7 11. Qb3 Nd7 12. Bg5 e5 13. d5 Nf6 14. Nd2 Ne8 15.
Bb5 Nd6 16. Bc6 Bb7 17. Bxb7 Qxb7 18. f4 Rfe8 19. fxe5 Rxe5 20. Bf4 Nxe4 21.
Bxe5 Nxd2 22. Qb2 Nc4 23. Qb5 Nxe5 24. Qxc5 Rc8 25. Qb5 Nc4 26. Rbe1 Bxc3 27.
Re8+ Rxe8 28. Qxe8+ Kg7 29. Qc6 Qxc6 30. dxc6 Be5 31. Rd1 Bd6 32. a4 Kf8 33.
Rc1 Bc5+ 34. Kh1 Nd6 35. a5 Ke7 36. axb6 axb6 37. Ra1 Nb5 38. Ra8 Nc7 39. Rc8
Ne6 40. g3 b5 41. Rb8 Kd6 42. Rxb5 Kxc6 43. Rb8 Kd7 44. Kg2 Ke7 45. Ra8 Kf6 46.
Rc8 h6 47. Ra8 h5 48. Rc8 Kf5 49. Rb8 Bd6 50. Rb7 f6 51. Ra7 Be5 52. Ra8 Kg5
53. Ra5 h4 54. Kh3 hxg3 55. hxg3 Nd4 56. Ra4 Ne2 57. g4 Nf4+ 58. Kg3 Nd3+ 59.
Kf3 Ne1+ 60. Ke2 Nc2 61. Kf3 Nd4+ 0-1

[Event "Quebec op"]
[Site "Laval CAN"]
[Date "2022.09.04"]
[Round "5.9"]
[White "Li, William"]
[Black "Latorre, Vincent"]
[Result "1-0"]
[WhiteElo "2106"]
[BlackElo "1949"]
[PlyCount "89"]
[EventDate "2022.09.01"]
[EventType "swiss"]
[EventRounds "9"]
[EventCountry "CAN"]

1. e4 e5 2. Nf3 Nc6 3. Bb5 a6 4. Ba4 Nf6 5. O-O Nxe4 6. d4 b5 7. Bb3 d5 8. dxe5
Be6 9. c3 Bc5 10. Nbd2 O-O 11. Bc2 Nxf2 12. Rxf2 f6 13. Nf1 Bxf2+ 14. Kxf2 fxe5
15. Kg1 Bg4 16. Ne3 Bxf3 17. gxf3 Ne7 18. Qd3 g6 19. Ng4 Nf5 20. Nxe5 Qd6 21.
Bf4 Rae8 22. Re1 c5 23. Re2 Ng7 24. Bg3 Nh5 25. Nf7 Qd7 26. Rxe8 Rxe8 27. Nd6
Re6 28. Ne4 Qc6 29. Ng5 Re8 30. f4 Ng7 31. Nf3 c4 32. Qd4 Ne6 33. Qf6 Rf8 34.
Qe5 Re8 35. Bf2 Qc7 36. Qxd5 Qxf4 37. Be4 Qg4+ 38. Bg3 Rd8 39. Qe5 Kf7 40. Bd5
Ke7 41. Kf2 h6 42. Nd4 Rf8+ 43. Kg2 Rf6 44. Bxe6 Rxe6 45. Qxe6+ 1-0

[Event "Quebec op"]
[Site "Laval CAN"]
[Date "2022.09.04"]
[Round "5.10"]
[White "Adam, Rafael"]
[Black "Bluvshtein, Ilia"]
[Result "1-0"]
[WhiteElo "1864"]
[BlackElo "2034"]
[PlyCount "85"]
[EventDate "2022.09.01"]
[EventType "swiss"]
[EventRounds "9"]
[EventCountry "CAN"]

1. d4 Nf6 2. c4 g6 3. g3 Bg7 4. Bg2 d5 5. cxd5 Nxd5 6. e4 Nb6 7. Ne2 Bg4 8. f3
Bd7 9. Nbc3 O-O 10. O-O Na6 11. b3 c5 12. Be3 cxd4 13. Nxd4 Nb4 14. Qd2 Qb8 15.
Rfd1 Rd8 16. Qf2 Qe5 17. Rac1 h6 18. f4 Qh5 19. e5 Bg4 20. Rd2 N6d5 21. Nxd5
Nxd5 22. Nf3 f6 23. Rcd1 e6 24. exf6 Bxf6 25. Bd4 Be7 26. Re1 Bb4 27. Re5 g5
28. Nxg5 Bxd2 29. Qxd2 Qg6 30. Be4 Bf5 31. Rxe6 Nf6 32. Qe3 Rf8 33. Bd5 Bxe6
34. Qxe6+ Kh8 35. Ne4 Rae8 36. Bxf6+ Qxf6 37. Qxf6+ Rxf6 38. Nxf6 Re2 39. a4 b6
40. f5 Rd2 41. Bc4 Rb2 42. Nh5 a6 43. f6 1-0

[Event "Quebec op"]
[Site "Laval CAN"]
[Date "2022.09.04"]
[Round "5.11"]
[White "Mok, Yuen Tak"]
[Black "Malek, Omid"]
[Result "1-0"]
[WhiteElo "1795"]
[BlackElo "2033"]
[PlyCount "81"]
[EventDate "2022.09.01"]
[EventType "swiss"]
[EventRounds "9"]
[EventCountry "CAN"]

1. e4 e6 2. d4 d5 3. Nd2 Nc6 4. Ngf3 Nf6 5. e5 Nd7 6. Nb3 a5 7. a4 Be7 8. c3 b6
9. h4 h6 10. Rh3 Ba6 11. Bxa6 Rxa6 12. h5 Ncb8 13. Rg3 Bf8 14. Kf1 c5 15. Nbd2
Nc6 16. Nb1 Ra8 17. Na3 cxd4 18. cxd4 Rc8 19. Be3 Na7 20. Qd3 Nb8 21. Bd2 Qd7
22. Qb3 Qb7 23. Kg1 Nbc6 24. Nb5 Nxb5 25. Qxb5 Kd8 26. Rc1 Rc7 27. Bc3 Kc8 28.
Nd2 Kb8 29. Rf1 f5 30. exf6 gxf6 31. Nf3 Bd6 32. Rg6 Rf7 33. Re1 Nd8 34. Bd2
Ka7 35. Rc1 Rhh7 36. Bxa5 Bf4 37. Re1 Nc6 38. Bc3 Qd7 39. a5 bxa5 40. Bxa5 Qb7
41. Qc5+ 1-0

[Event "Quebec op"]
[Site "Laval CAN"]
[Date "2022.09.04"]
[Round "5.12"]
[White "Cossette, Daniel"]
[Black "Turcotte, Jonathan"]
[Result "1/2-1/2"]
[WhiteElo "2026"]
[BlackElo "1940"]
[PlyCount "111"]
[EventDate "2022.09.01"]
[EventType "swiss"]
[EventRounds "9"]
[EventCountry "CAN"]

1. e4 c6 2. d4 d5 3. exd5 cxd5 4. c4 Nf6 5. Nc3 Nc6 6. Bg5 dxc4 7. Bxc4 h6 8.
Bh4 Qxd4 9. Qxd4 Nxd4 10. O-O-O e5 11. f4 Bg4 12. Nf3 Bxf3 13. gxf3 Rc8 14.
fxe5 Rxc4 15. exf6 Ne6 16. Bf2 Bb4 17. fxg7 Rg8 18. Kc2 Bxc3 19. bxc3 Rxg7 20.
Kb3 Rf4 21. Bxa7 Rxf3 22. Rhe1 Rg5 23. a4 Rh3 24. Bb6 Rxh2 25. Rd8+ Ke7 26. Rb8
Kd6 27. a5 Kc6 28. Rf1 Rb5+ 29. Kc4 Rh4+ 30. Kd3 Rd5+ 31. Kc2 f5 32. Re1 Rh2+
33. Kb3 Rb5+ 34. Ka3 Kd6 35. Re8 Nc7 36. Rd8+ Kc6 37. Rc8 Rxb6 38. axb6 Kxb6
39. c4 Rh3+ 40. Kb2 Rh2+ 41. Kc3 Rh3+ 42. Kd2 Rh4 43. Kd3 Rh3+ 44. Re3 Rh1 45.
c5+ Kc6 46. Re7 Rd1+ 47. Kc4 b5+ 48. Kb4 Rd4+ 49. Kc3 Rd7 50. Rxd7 Kxd7 51. Rh8
Kc6 52. Rxh6+ Kxc5 53. Rh5 Nd5+ 54. Kb3 f4 55. Rf5 Kd4 56. Rxf4+ 1/2-1/2

[Event "Quebec op"]
[Site "Laval CAN"]
[Date "2022.09.04"]
[Round "5.13"]
[White "Wiebe, Isaac"]
[Black "Jacquet, Stephane"]
[Result "1/2-1/2"]
[WhiteElo "2010"]
[BlackElo "1862"]
[PlyCount "64"]
[EventDate "2022.09.01"]
[EventType "swiss"]
[EventRounds "9"]
[EventCountry "CAN"]

1. e4 d6 2. d4 g6 3. Nc3 Bg7 4. f4 Nf6 5. Nf3 c5 6. Bb5+ Bd7 7. e5 Ng4 8. e6
fxe6 9. Ng5 Bxb5 10. Qxg4 Bc4 11. b3 Bxd4 12. Bd2 Bd5 13. Nxd5 exd5 14. O-O-O
Qd7 15. Ne6 Nc6 16. Rhf1 Nd8 17. f5 Nxe6 18. fxe6 Qc7 19. Rf7 O-O-O 20. Bg5 Qa5
21. Bxe7 Qa3+ 22. Kd2 Qb4+ 23. Ke2 Qc3 24. Rd3 Qxc2+ 25. Rd2 Qe4+ 26. Qxe4 dxe4
27. Bxd8 Rxd8 28. Rxh7 Re8 29. e7 Kd7 30. Rh6 Rg8 31. Rh7 Re8 32. Rh6 Rg8
1/2-1/2

[Event "Quebec op"]
[Site "Laval CAN"]
[Date "2022.09.04"]
[Round "5.14"]
[White "Javidfard, Amirsalar"]
[Black "Chapdelaine, Gwyn"]
[Result "0-1"]
[WhiteElo "2009"]
[BlackElo "1873"]
[PlyCount "86"]
[EventDate "2022.09.01"]
[EventType "swiss"]
[EventRounds "9"]
[EventCountry "CAN"]

1. d4 Nf6 2. Nf3 d5 3. c4 dxc4 4. Nc3 Bf5 5. e3 e6 6. Bxc4 Bd6 7. Qe2 Ne4 8.
Nd2 Nxd2 9. Bxd2 O-O 10. e4 Bg6 11. h4 h6 12. O-O-O Nc6 13. Be3 a6 14. h5 Bh7
15. Qg4 Kh8 16. e5 Be7 17. f4 Bb4 18. d5 Bxc3 19. dxc6 Qe7 20. Qe2 Qb4 21. Bb3
bxc6 22. Rd7 Rab8 23. Rhd1 a5 24. Bd4 Bxd4 25. R1xd4 Qb7 26. g4 c5 27. Rd1 Be4
28. Qd2 Bf3 29. Rg1 c4 30. Bxc4 Qc6 31. Rd4 Rb4 32. b3 Bd5 33. Qc3 Qb6 34. Rg3
c5 35. Rd1 Bxc4 36. bxc4 Rb8 37. Rgd3 Rb1+ 38. Kd2 Rxd1+ 39. Kxd1 Qb1+ 40. Ke2
Rb2+ 41. Kf3 Qf1+ 42. Kg3 Rg2+ 43. Kh4 Qf2+ 0-1

[Event "Quebec op"]
[Site "Laval CAN"]
[Date "2022.09.04"]
[Round "5.15"]
[White "Bassel, Charaf"]
[Black "Jiang, Barron Jiyu"]
[Result "0-1"]
[WhiteElo "2082"]
[BlackElo "1603"]
[PlyCount "88"]
[EventDate "2022.09.01"]
[EventType "swiss"]
[EventRounds "9"]
[EventCountry "CAN"]

1. d4 Nf6 2. c4 e5 3. dxe5 Ng4 4. Bf4 Nc6 5. Nf3 Bb4+ 6. Nbd2 Qe7 7. e3 Ngxe5
8. Nxe5 Nxe5 9. Be2 d6 10. O-O a5 11. a3 Bc5 12. Ne4 Bb6 13. Nc3 Be6 14. Nd5
Bxd5 15. Qxd5 c6 16. Qd2 O-O 17. b4 axb4 18. axb4 Rad8 19. Qc3 Ng6 20. Bg3 f5
21. Bd3 f4 22. Bxg6 fxg3 23. Bxh7+ Kxh7 24. hxg3 Rf6 25. Rac1 c5 26. b5 Rh6 27.
Qd3+ Kh8 28. Ra1 Qg5 29. e4 Qe5 30. Rfe1 Rf8 31. Qe2 Qd4 32. Red1 Rxf2 33. Qxf2
Rh1+ 34. Kxh1 Qxf2 35. Kh2 Qe3 36. Re1 Qd4 37. Ra4 Kh7 38. Rf1 Qxe4 39. Rf4 Qe5
40. Rh4+ Kg6 41. Rg4+ Kf7 42. Rf4+ Ke7 43. Ra8 g5 44. Rg4 Qf5 0-1

[Event "Quebec op"]
[Site "Laval CAN"]
[Date "2022.09.04"]
[Round "5.16"]
[White "Ang, Alan"]
[Black "Guillemette, Hugo"]
[Result "0-1"]
[WhiteElo "1921"]
[BlackElo "1750"]
[PlyCount "120"]
[EventDate "2022.09.01"]
[EventType "swiss"]
[EventRounds "9"]
[EventCountry "CAN"]

1. b3 d5 2. Bb2 c5 3. e3 Nf6 4. Nf3 e6 5. d4 cxd4 6. Qxd4 Nc6 7. Bb5 Bd7 8.
Bxc6 bxc6 9. O-O c5 10. Qf4 Be7 11. Nbd2 O-O 12. Ne5 Bd6 13. Qg3 Ne8 14. f4 f6
15. Ng4 Qe7 16. e4 dxe4 17. Nxe4 Bc6 18. Nd2 Kh8 19. Rae1 Qf7 20. Qh4 Rd8 21.
Nc4 Be7 22. Qf2 Bd5 23. Nce3 Ba8 24. Qe2 Nd6 25. f5 e5 26. c4 Rfe8 27. Rd1 Nc8
28. Rxd8 Rxd8 29. Rd1 Nd6 30. Nf2 Qe8 31. Qg4 Rd7 32. Ba3 Qc8 33. Nd5 Bxd5 34.
Rxd5 Rc7 35. Ne4 Nxe4 36. Qxe4 h6 37. Qd3 Qa6 38. Bc1 Qxa2 39. Bd2 Rb7 40. Rd7
Rxd7 41. Qxd7 Bf8 42. Qd3 Kh7 43. Be3 Qa5 44. h3 Qb6 45. Bf2 Qb7 46. g4 e4 47.
Qg3 Qd7 48. Qe3 Qd1+ 49. Kg2 Qb1 50. h4 Be7 51. Bg3 Qb2+ 52. Kf1 Qc2 53. Ke1
Bd8 54. Bf4 Ba5+ 55. Kf1 Qd1+ 56. Kf2 Qxg4 57. Qxe4 Qxh4+ 58. Kg2 Bc7 59. Qe8
Qg4+ 60. Kh1 Bxf4 0-1

[Event "Quebec op"]
[Site "Laval CAN"]
[Date "2022.09.04"]
[Round "5.17"]
[White "Nica, Ion"]
[Black "Zhang, Brian"]
[Result "0-1"]
[WhiteElo "1674"]
[BlackElo "1526"]
[PlyCount "94"]
[EventDate "2022.09.01"]
[EventType "swiss"]
[EventRounds "9"]
[EventCountry "CAN"]

1. d4 d5 2. Nc3 Nf6 3. Bf4 g6 4. h4 Bg7 5. e3 h5 6. Bd3 c6 7. Qd2 Nbd7 8. Nce2
Ne4 9. Bxe4 dxe4 10. Nc3 f5 11. Nge2 O-O 12. g4 hxg4 13. h5 Qe8 14. hxg6 Qxg6
15. O-O-O Nf6 16. Ng3 Be6 17. Rh2 Bc4 18. b3 Ba6 19. Rdh1 e6 20. Be5 Kf7 21.
Bxf6 Bxf6 22. Rh6 Qg8 23. Na4 b6 24. Rh7+ Ke8 25. Qb4 Rf7 26. R7h6 Kd7 27. d5
cxd5 28. Nc5+ bxc5 29. Qa5 Ke7 30. Qxa6 Qc8 31. Qa5 Kd6 32. R1h5 Qd8 33. Qd2
Kc6 34. a4 Rc8 35. Rh2 Kb7 36. Nh5 Be5 37. Rh1 Rc6 38. Ng3 Qd7 39. Ne2 a6 40.
Nc3 d4 41. Rd1 Rd6 42. exd4 Rxd4 43. Qg5 Rxd1+ 44. Nxd1 Qd6 45. Qg6 Rd7 46. Rh1
Qd2+ 47. Kb1 Qxd1+ 0-1

[Event "Quebec op"]
[Site "Laval CAN"]
[Date "2022.09.04"]
[Round "5.18"]
[White "Goldner, John"]
[Black "Batorshyn, Ilia"]
[Result "0-1"]
[WhiteElo "1684"]
[BlackElo "1909"]
[PlyCount "106"]
[EventDate "2022.09.01"]
[EventType "swiss"]
[EventRounds "9"]
[EventCountry "CAN"]

1. e4 c6 2. d4 d5 3. e5 Bf5 4. h4 h6 5. g4 Bd7 6. h5 c5 7. c3 Nc6 8. Be3 e6 9.
Nf3 Qb6 10. Qd2 cxd4 11. cxd4 f6 12. Bd3 Bb4 13. Nc3 Kd8 14. a3 Be7 15. Na4 Qa5
16. Nc3 fxe5 17. dxe5 Bc5 18. Bxc5 Qxc5 19. b4 Nd4 20. Rh3 Qb6 21. Rb1 Ne7 22.
Nxd4 Qxd4 23. f4 Qg1+ 24. Bf1 Qxg4 25. Qh2 Rf8 26. Ne2 Qf5 27. Rc1 Nc6 28. Rg3
Rf7 29. Bh3 Qxh5 30. Qg2 Qh4 31. Kd1 Qe7 32. Kd2 Rc8 33. Rg1 g5 34. fxg5 Nxb4
35. gxh6 Nc6 36. Rg8+ Kc7 37. Rxc8+ Bxc8 38. Qg3 Kd8 39. Rc1 Qf8 40. Qg6 Nxe5
41. Qh5 Nf3+ 42. Kc2 Rc7+ 43. Kb2 Qf6+ 44. Kb1 Nd2+ 45. Ka2 Rxc1 46. Nxc1 Nc4
47. Nd3 Qc3 48. Bf1 Qxa3+ 49. Kb1 Qb3+ 50. Kc1 Qc3+ 51. Kb1 Nd2+ 52. Ka2 Qb3+
53. Ka1 Qb1# 0-1

[Event "Quebec op"]
[Site "Laval CAN"]
[Date "2022.09.04"]
[Round "5.19"]
[White "Mercure, Gilbert"]
[Black "Eltafi, Ali Sina"]
[Result "1-0"]
[WhiteElo "1722"]
[BlackElo "1179"]
[PlyCount "51"]
[EventDate "2022.09.01"]
[EventType "swiss"]
[EventRounds "9"]
[EventCountry "CAN"]

1. e4 e5 2. Nf3 Nc6 3. Bc4 Nf6 4. Ng5 d5 5. exd5 Nxd5 6. Nxf7 Kxf7 7. Qf3+ Ke6
8. Nc3 Nce7 9. d4 c6 10. Qe4 Kd7 11. dxe5 Kc7 12. Bg5 Be6 13. O-O-O Nxc3 14.
bxc3 Qc8 15. Bf4 Nf5 16. g4 Ba3+ 17. Kb1 Bxc4 18. gxf5 b5 19. e6+ Kb6 20. Be3+
Ka5 21. Rhe1 Be7 22. Rd7 Bd5 23. Qd4 Bf6 24. Rxa7+ Rxa7 25. Qxa7+ Qa6 26. Bb6+
1-0

[Event "Quebec op"]
[Site "Laval CAN"]
[Date "2022.09.04"]
[Round "5.20"]
[White "Laroche, Hugo"]
[Black "Rodriguez, Aaron"]
[Result "0-1"]
[WhiteElo "1696"]
[BlackElo "1894"]
[PlyCount "96"]
[EventDate "2022.09.01"]
[EventType "swiss"]
[EventRounds "9"]
[EventCountry "CAN"]

1. d4 g6 2. Bf4 Bg7 3. Nf3 d6 4. e3 Nf6 5. h3 O-O 6. Be2 Nc6 7. O-O Nd5 8. Bg3
e5 9. dxe5 dxe5 10. c3 e4 11. Nd4 Nxd4 12. exd4 Re8 13. Bc4 c6 14. Re1 Qg5 15.
Qc1 Qxc1 16. Rxc1 g5 17. Re1 Bf5 18. Nd2 Bg6 19. f3 f5 20. fxe4 fxe4 21. Bb3
Kh8 22. Bc2 e3 23. Bxg6 hxg6 24. Nf3 g4 25. hxg4 Re4 26. g5 Rg4 27. Be5 Rf8 28.
Kh2 Bxe5+ 29. Nxe5 Rxg5 30. g4 Kg7 31. Kg3 Ne7 32. Kh4 Kh6 33. Rf1 Nf5+ 34.
gxf5 gxf5 35. Rg1 Rh5+ 36. Kg3 f4+ 37. Kg4 Rxe5 38. dxe5 f3 39. Rh1+ Kg6 40.
Rhf1 f2 41. Kg3 Rf5 42. a4 Kf7 43. b4 Ke6 44. Ra2 Kxe5 45. Kg2 Ke4 46. Rh1 Kd3
47. Kf1 Rg5 48. Re2 Rg1+ 0-1

[Event "Quebec op"]
[Site "Laval CAN"]
[Date "2022.09.04"]
[Round "6.1"]
[White "Sambuev, Bator"]
[Black "Han, Johnathan"]
[Result "1-0"]
[WhiteElo "2436"]
[BlackElo "2074"]
[PlyCount "69"]
[EventDate "2022.09.01"]
[EventType "swiss"]
[EventRounds "9"]
[EventCountry "CAN"]

1. Nf3 Nf6 2. b3 g6 3. Bb2 Bg7 4. e4 d6 5. Qe2 O-O 6. d4 c5 7. Nbd2 cxd4 8.
Nxd4 Nc6 9. Nxc6 bxc6 10. O-O-O d5 11. e5 Nd7 12. h4 a5 13. a4 c5 14. h5 Qc7
15. e6 Bxb2+ 16. Kxb2 Nb6 17. exf7+ Rxf7 18. hxg6 hxg6 19. Qe3 Qd6 20. Ka2 Bf5
21. Nc4 Nxc4 22. Bxc4 e6 23. f3 Qf8 24. Bb5 d4 25. Qe2 g5 26. Rh5 Qg7 27. Rdh1
Raf8 28. Bc4 Re8 29. Qd2 Bg6 30. Rxg5 Rf5 31. Rxf5 Bxf5 32. Rh5 Qf6 33. g4 Bg6
34. Rxc5 Kg7 35. f4 1-0

[Event "Quebec op"]
[Site "Laval CAN"]
[Date "2022.09.04"]
[Round "6.2"]
[White "Chiku-Ratte, Olivier-Kenta"]
[Black "Migot, Tangi"]
[Result "0-1"]
[WhiteElo "2355"]
[BlackElo "2356"]
[PlyCount "142"]
[EventDate "2022.09.01"]
[EventType "swiss"]
[EventRounds "9"]
[EventCountry "CAN"]

1. d4 d5 2. c4 c6 3. Nf3 Nf6 4. Nc3 e6 5. e3 Nbd7 6. Qc2 b6 7. cxd5 cxd5 8. Nb5
Bb4+ 9. Bd2 Bxd2+ 10. Nxd2 O-O 11. Qc6 Ba6 12. Nc7 Bxf1 13. Nxa8 Bxg2 14. Rg1
Bh3 15. Nc7 Nb8 16. Qc3 Qd7 17. e4 dxe4 18. d5 Bg4 19. Qg3 exd5 20. h3 Rc8 21.
Nxd5 Nxd5 22. hxg4 Nb4 23. Rd1 Nd3+ 24. Kf1 Nxb2 25. Kg2 Nxd1 26. Rxd1 Nc6 27.
g5 Qd5 28. Qe3 Rd8 29. Rc1 Qxd2 30. Rxc6 Qxe3 31. fxe3 g6 32. Kg3 Rd5 33. Kg4
Ra5 34. Kf4 Rxa2 35. Kxe4 Ra5 36. Kf4 Rf5+ 37. Kg4 Rb5 38. e4 a5 39. Rc8+ Kg7
40. Ra8 h6 41. gxh6+ Kxh6 42. Kf4 Kg7 43. Ra7 Kf6 44. Ke3 Rb4 45. Kf4 Ke6 46.
Ke3 f5 47. exf5+ Kxf5 48. Rf7+ Kg4 49. Kd3 g5 50. Ke3 a4 51. Rf1 b5 52. Kd3
Rb3+ 53. Kc2 b4 54. Ra1 Rc3+ 55. Kd2 a3 56. Rb1 Rc4 57. Kd3 Rf4 58. Rg1+ Kf5
59. Kc2 Rf2+ 60. Kb1 g4 61. Ka1 Kf4 62. Rb1 g3 63. Rxb4+ Kg5 64. Rb5+ Kh4 65.
Rb4+ Kh3 66. Rb8 g2 67. Rh8+ Kg3 68. Rg8+ Kf3 69. Rf8+ Ke2 70. Re8+ Kf1 71. Kb1
g1=Q 0-1

[Event "Quebec op"]
[Site "Laval CAN"]
[Date "2022.09.04"]
[Round "6.3"]
[White "Perez Rodriguez, Luis Manuel"]
[Black "Vera, Reynaldo"]
[Result "1/2-1/2"]
[WhiteElo "2335"]
[BlackElo "2402"]
[PlyCount "61"]
[EventDate "2022.09.01"]
[EventType "swiss"]
[EventRounds "9"]
[EventCountry "CAN"]

1. e4 c5 2. Nf3 d6 3. d4 cxd4 4. Nxd4 Nf6 5. Nc3 a6 6. Be3 Ng4 7. Bc1 Nf6 8.
Be3 Ng4 9. Bc1 Nf6 10. Bg5 e6 11. f4 Nbd7 12. Qf3 Qc7 13. O-O-O b5 14. e5 Bb7
15. Qh3 dxe5 16. Nxe6 fxe6 17. Qxe6+ Be7 18. Bxf6 gxf6 19. Be2 h5 20. Nd5 Bxd5
21. Rxd5 Nb6 22. Bd3 Rh6 23. Qg8+ Bf8 24. Qe6+ Be7 25. Qg8+ Bf8 26. Qe6+ Be7
27. Qg8+ Bf8 28. Qe6+ Be7 29. Qg8+ Bf8 30. Qe6+ Be7 31. Qg8+ 1/2-1/2

[Event "Quebec op"]
[Site "Laval CAN"]
[Date "2022.09.04"]
[Round "6.4"]
[White "Chen, Max"]
[Black "Latreille, Etienne"]
[Result "1-0"]
[WhiteElo "2104"]
[BlackElo "1680"]
[PlyCount "53"]
[EventDate "2022.09.01"]
[EventType "swiss"]
[EventRounds "9"]
[EventCountry "CAN"]

1. e4 d5 2. exd5 Qxd5 3. Nc3 Qd8 4. d4 Nf6 5. Bc4 a6 6. a4 Bg4 7. f3 Bc8 8.
Nge2 e6 9. Qd3 Nc6 10. Be3 Nb4 11. Qd2 Be7 12. O-O O-O 13. Ne4 Nbd5 14. Bf2 Bd7
15. c3 b5 16. axb5 axb5 17. Bd3 Ne8 18. b3 Bc6 19. Qb2 f5 20. Rxa8 Qxa8 21. Nc5
Bxc5 22. dxc5 Qb7 23. Bd4 e5 24. Bxe5 Ne3 25. Re1 Bxf3 26. Nf4 Nd5 27. Ne6 1-0

[Event "Quebec op"]
[Site "Laval CAN"]
[Date "2022.09.04"]
[Round "6.5"]
[White "Kapush, Oleksandr"]
[Black "Adam, Rafael"]
[Result "1-0"]
[WhiteElo "1731"]
[BlackElo "1864"]
[PlyCount "99"]
[EventDate "2022.09.01"]
[EventType "swiss"]
[EventRounds "9"]
[EventCountry "CAN"]

1. e4 e5 2. Nf3 Nc6 3. Bb5 a6 4. Ba4 Nf6 5. Qe2 b5 6. Bb3 Be7 7. c3 O-O 8. O-O
d5 9. d3 Bb7 10. Rd1 Re8 11. Nbd2 Bf8 12. Nf1 h6 13. a4 b4 14. a5 g6 15. h3 Bg7
16. Bd2 bxc3 17. bxc3 dxe4 18. dxe4 Qe7 19. Qc4 Nd8 20. Ng3 Qe6 21. Qa4 Qc6 22.
Qa2 Qc5 23. Be3 Qe7 24. Qc2 Bc6 25. Ne1 Nb7 26. f3 Nc5 27. Bc4 Rab8 28. Nd3
Nxd3 29. Bxd3 Bb5 30. c4 Bc6 31. Ne2 Nd7 32. Nc3 Nc5 33. Nd5 Bxd5 34. cxd5 Nxd3
35. Rxd3 Qd7 36. Rc3 Rb7 37. Rc6 Reb8 38. Qc4 Qe7 39. Qxa6 Rb2 40. Qf1 Qh4 41.
a6 Bf6 42. a7 Ra8 43. Rb1 Rxb1 44. Qxb1 Bg5 45. Bf2 Qf4 46. Qb8+ Kg7 47. Qxa8
Qd2 48. Qg8+ Kxg8 49. a8=Q+ Kg7 50. Qa1 1-0

[Event "Quebec op"]
[Site "Laval CAN"]
[Date "2022.09.04"]
[Round "6.6"]
[White "Zheng, Richard"]
[Black "Jiang, Barron Jiyu"]
[Result "1-0"]
[WhiteElo "2147"]
[BlackElo "1603"]
[PlyCount "47"]
[EventDate "2022.09.01"]
[EventType "swiss"]
[EventRounds "9"]
[EventCountry "CAN"]

1. d4 Nf6 2. Nf3 d5 3. c4 dxc4 4. e3 e6 5. Bxc4 c5 6. O-O Be7 7. Nc3 O-O 8. Qe2
a6 9. a4 Nc6 10. Rd1 Qc7 11. e4 Rd8 12. e5 Nd5 13. Qe4 Ncb4 14. Ng5 g6 15. Qf3
Bxg5 16. Bxg5 cxd4 17. Nxd5 Rxd5 18. Bxd5 Nxd5 19. Qe4 Bd7 20. Qxd4 Bc6 21. b3
Qa5 22. Rac1 Rc8 23. Rc5 Qb6 24. Rxd5 1-0

[Event "Quebec op"]
[Site "Laval CAN"]
[Date "2022.09.04"]
[Round "6.7"]
[White "Chapdelaine, Gwyn"]
[Black "Li, William"]
[Result "0-1"]
[WhiteElo "1873"]
[BlackElo "2106"]
[PlyCount "62"]
[EventDate "2022.09.01"]
[EventType "swiss"]
[EventRounds "9"]
[EventCountry "CAN"]

1. e4 c5 2. Nc3 Nc6 3. g3 g6 4. Bg2 Bg7 5. d3 e5 6. Nge2 Nge7 7. O-O O-O 8. f4
d6 9. fxe5 dxe5 10. Bg5 h6 11. Bf6 Bxf6 12. Rxf6 Nd4 13. Qd2 Kg7 14. Rf2 Be6
15. Raf1 Qd7 16. Nxd4 cxd4 17. Ne2 a5 18. Nc1 b5 19. Nb3 Qc7 20. h4 a4 21. Nc1
a3 22. b3 Rac8 23. h5 g5 24. Bf3 Qc5 25. g4 Nc6 26. Bd1 Nb4 27. Rf6 Nxc2 28.
Ne2 Ne3 29. R1f3 Bxg4 30. Rf2 Bxe2 31. Bxe2 Qc1+ 0-1

[Event "Quebec op"]
[Site "Laval CAN"]
[Date "2022.09.04"]
[Round "6.8"]
[White "Robichaud, Louis"]
[Black "Mok, Yuen Tak"]
[Result "1-0"]
[WhiteElo "2026"]
[BlackElo "1795"]
[PlyCount "59"]
[EventDate "2022.09.01"]
[EventType "swiss"]
[EventRounds "9"]
[EventCountry "CAN"]

1. e4 c6 2. d3 d5 3. Bd2 e5 4. Nf3 Bd6 5. g3 dxe4 6. dxe4 Nf6 7. Nc3 b6 8. Bg2
Ba6 9. Nh4 O-O 10. Qf3 Qc7 11. O-O-O Nbd7 12. Nf5 Bb4 13. a3 Bxc3 14. Bxc3 Rfd8
15. Rd6 Re8 16. Rhd1 Bb7 17. g4 Nc5 18. Nxg7 Nfxe4 19. Nxe8 Rxe8 20. Rh6 Kg7
21. Rh5 Nxc3 22. Qxc3 f6 23. Qh3 Kh8 24. Qh4 Qf7 25. Rh6 Rf8 26. Rd6 Qc4 27.
Rxh7+ Kg8 28. Rh8+ Kf7 29. Qh7+ Ke8 30. Rxf8+ 1-0